Online
Catalog

Dos pastiches proustianos / (Record no. 43593)

MARC details
000 -CABECERA
campo de control de longitud fija 00692nam a2200205 a 4500
001 - NÚMERO DE CONTROL
campo de control 000044104
005 - FECHA Y HORA DE LA ÚLTIMA TRANSACCIÓN
campo de control 20201002045141.0
008 - DATOS DE LONGITUD FIJA--INFORMACIÓN GENERAL
campo de control de longitud fija 140516s2007 sp 000 0 spa d
020 ## - NÚMERO INTERNACIONAL ESTÁNDAR DEL LIBRO
Número Internacional Estándar del Libro 9788433971531
040 ## - FUENTE DE LA CATALOGACIÓN
Centro catalogador/agencia de origen DO-SdBNP
Lengua de catalogación spa
Centro/agencia transcriptor BNPHU
082 ## - NÚMERO DE LA CLASIFICACIÓN DECIMAL DEWEY
Número de clasificación xxxx
Número de documento/Ítem xxxx
100 1# - ENTRADA PRINCIPAL--NOMBRE DE PERSONA
Nombre de persona Villalonga, Llorenç,
Fechas asociadas al nombre 1897-1980.
9 (RLIN) 72096
245 10 - MENCIÓN DE TÍTULO
Título Dos pastiches proustianos /
Mención de responsabilidad, etc. Llorenç Villalonga ; traducción de José Batlló.
260 ## - PUBLICACIÓN, DISTRIBUCIÓN, ETC.
Lugar de publicación, distribución, etc. Barcelona :
Nombre del editor, distribuidor, etc. Anagrama,
Fecha de publicación, distribución, etc. 2007.
300 ## - DESCRIPCIÓN FÍSICA
Extensión 98 p. ;
Dimensiones 20 cm.
490 1# - MENCIÓN DE SERIE
Mención de serie Narrativas hispánicas
Designación de volumen o secuencia 415
500 ## - NOTA GENERAL
Nota general Incluye datos biográficos del autor en las solapas
700 12 - PUNTO DE ACCESO ADICIONAL--NOMBRE DE PERSONA
Nombre de persona Batlló, José
Término indicativo de función/relación tr
9 (RLIN) 30978
830 #0 - PUNTO DE ACCESO ADICIONAL DE SERIE-TÍTULO UNIFORME
Título uniforme Narrativas hispánicas ;
Número de parte o sección de la obra 415
9 (RLIN) 72097
Holdings
Estado de retiro Estado de pérdida Restricciones de uso No para préstamo Código de colección Localización permanente Ubicación/localización actual Ubicación en estantería Fecha de adquisición Número de inventario Total de préstamos Signatura topográfica completa Código de barras Fecha visto por última vez Precio válido a partir de Tipo de ítem Koha
      Excluido de préstamo Monografías: Libros y Folletos General General En catalogación 16.05.2014 LF1   xxxx xxxx 44104-10 25.06.2020 25.06.2020 No se presta

Powered by Koha